Statistics for Oprah Winfrey Filmography

Click here to take the quiz!

General Stats

  • This quiz has been taken 30 times
    (4 since last reset)
  • The average score is 6 of 162

Answer Stats

TypeYearName% Correct
TV Special2015Oprah Goes to Broadway: The Color Purple
67%
Film1985The Color Purple
67%
Film2009The Princess and the Frog
67%
Film1998Beloved
33%
TV Short2005Desperate Housewives: Oprah Winfrey Is the New Neighbor
33%
Film2007Ocean's Thirteen
33%
TV Show2012-2015Oprah Prime
33%
TV Show2011-2014Oprah's Lifeclass
33%
TV Show2011-2017Oprah's Master Class
33%
TV Show2012-2017Oprah: Where Are They Now?
33%
Film2014Selma
33%
Film2013The Butler
33%
Web Series2020-PresentThe Oprah Conversation
33%
TV Show1986-2011The Oprah Winfrey Show
33%
Podcast2020The Oprah Winfrey Show: The Podcast
33%
Short Documentary201713th: A Conversation with Oprah Winfrey & Ava DuVernay
0%
Award Show19921992 Essence Awards
0%
Award Show20002000 Essence Awards
0%
TV Show200830 Rock
0%
Documentary Series2009-201860 Minutes
0%
TV Show1992, 1993, 1994ABC Afterschool Specials
0%
Film2019A Beautiful Day in the Neighborhood
0%
TV Documentary1997About Us: The Dignity of Children
0%
Documentary Series2006African American Lives
0%
TV Show1995All-American Girl
0%
TV Show1984-1986A.M. Chicago
0%
Production2001Amy & Isabelle
0%
TV Special2002A Prayer for America: Yankee Stadium Memorial
0%
Film2018A Wrinkle in Time
0%
TV Show2008Balls of Steel
0%
Film2007Bee Movie
0%
TV Film1997Before Women Had Wings
0%
TV Show2000Bette
0%
TV Special2020Between the World and Me
0%
TV Show1990Brewster Place
0%
Short Film2004Brothers of the Borderland
0%
TV Documentary2007Building a Dream: The Oprah Winfrey Leadership Academy
0%
Short Documentary2010Cafwa
0%
Commercial1999Cease Gun Fire
0%
Film2006Charlotte's Web
0%
TV Film1988Christmas at Pee-wee's Playhouse
0%
TV Special2009Christmas at the White House: An Oprah Primetime Special
0%
Commercial2000City of Philadelphia
0%
Short Film2018Crow: The Legend
0%
Production1998David and Lisa
0%
Production2019-2021David Makes Man
0%
Production2021Delilah
0%
TV Show2005Drake & Josh
0%
TV Show2015Dr. Phil
0%
Podcast2019Eckhart Tolle: Essential Teachings
0%
TV Show1997Ellen
0%
Documentary2005Emmanuel's Gift
0%
Production2011Extraordinary Mom
0%
TV Special2016First Lady Michelle Obama Says Farewell to the White House: An Oprah Winfrey Special
0%
Self-Help Book2017Food, Health and Happiness
0%
TV Show1990Gabriel's Fire
0%
TV Special1990Grammy's Legends
0%
TV Show2016-2017Greenleaf
0%
TV Show1999Home Improvement
0%
Film2009It's Complicated
0%
TV Show2010, 2018Jeopardy!
0%
Film2011Jesus Henry Christ
0%
Autobiography1998Journey to Beloved
0%
TV Show2012Keeping Up with the Kardashians
0%
Production2006Legends Ball
0%
Documentary Mini-Series2009Life
0%
TV Film1992Lincoln
0%
Documentary Mini-Series2014Lindsay
0%
TV Show1988Lou Rawls Parade of Stars
0%
Production2018Love Is
0%
TV Show2002MADtv
0%
Documentary Series2013Makers: Women Who Make America
0%
Self-Help Book1998Make the Connection: 10 Steps to a Better Body and a Better Life
0%
Short Film2013Making a Scene
0%
TV Show2021Mary McCartney Serves It Up
0%
TV Special1993Michael Jackson Talks to... Oprah Live
0%
Self-Help Book2016Mr. or Ms. Just Right: Because Mr. or Ms. Right Does Not Exist!
0%
Film1986Native Son
0%
Production1992Nine
0%
TV Show2002Oprah After the Show
0%
TV Mini-Series2014Oprah & Eckhart Tolle: A New Earth
0%
Short Documentary2010Oprah & Tyler: A Project of Passion
0%
TV Special2012Oprah and Rainn Wilson Present SoulPancake
0%
TV Special1992Oprah: Behind the Scenes
0%
Documentary2012Oprah Builds a Network
0%
TV Documentary2003Oprah in Africa: A Personal Journey, a Global Challenge
0%
Web Series2019-PresentOprah's Book Club
0%
Podcast2020Oprah's Book Club
0%
Documentary2019Oprah's Daughters
0%
TV Special2012Oprah's Favorite Things 2012
0%
TV Special2011Oprah's Guide to OWN
0%
TV Special2015Oprah's Master Class: Belief Special
0%
TV Documentary2015Oprah's Master Class: Civil Rights Special
0%
TV Documentary2007Oprah's Roots: An African American Lives Special
0%
Podcast2017-2020Oprah's SuperSoul Conversations
0%
TV Special2019Oprah's SuperSoul Conversations from Times Square
0%
TV Show2014Oprah's The Life You Want
0%
Web Series2020Oprah Talks COVID-19
0%
Web Special2022Oprah + Viola: A Netflix Special Event
0%
TV Special2019Oprah Winfrey Presents: After Neverland
0%
Production2019Oprah Winfrey Presents: After Neverland
0%
TV Documentary2018Oprah Winfrey Presents: Becoming Michelle Obama
0%
TV Special2015Oprah Winfrey Presents: Legends Who Paved the Way
0%
Web Special2019Oprah Winfrey Presents: When They See Us Now
0%
Autobiography2000Oprah Winfrey: The Soul and Spirit of a Superstar
0%
TV Special2021Oprah with Meghan and Harry: A CBS Primetime Special
0%
Film1999Our Friend, Martin
0%
Production1992Overexposed
0%
TV Documentary2022OWN Spotlight: Oprah and Viola the Woman King
0%
Production2009Precious: Based on the Novel 'Push' by Sapphire
0%
TV Special2018Q 85: A Musical Celebration for Quincy Jones
0%
Production2016-PresentQueen Sugar
0%
TV Documentary1998Quincy Jones... The First 50 Years
0%
TV Documentary2015Race on the Oprah Winfrey Show with Tamron Hall
0%
TV Documentary2012Remembering Whitney: The Oprah Interview
0%
Production2013Running from Crazy
0%
TV Show2018RuPaul's Drag Race
0%
TV Show1986Saturday Night Live
0%
TV Documentary1992Scared Silent: Ending and Exposing Child Abuse
0%
Production2011Serving Life
0%
TV Show2010Sesame Street
0%
FilmTBASix Triple Eight
0%
Podcast2017Super Soul
0%
Web Series2021SuperSoul
0%
TV Show2011-2020Super Soul Sunday
0%
FilmTBATerms of Endearment
0%
Award Show1987The 14th Annual Daytime Emmy Awards
0%
Award Show1990The 17th Annual Daytime Emmy Awards
0%
Award Show1999The 26th Annual Daytime Emmy Awards
0%
Award Show1996The 48th Annual Primetime Emmy Awards
0%
TV Show2008The Big Give
0%
Production2009The Dr. Oz Show
0%
TV Documentary2012The First Graduating Class: Oprah Winfrey Leadership Academy for Girls
0%
TV Show1992The Fresh Prince of Bel-Air
0%
Production2007The Great Debaters
0%
Documentary Series2022The Hair Tales
0%
Web Series2018, 2019The Handmaid's Tale
0%
TV Show1999The Hughleys
0%
Production2014The Hundred-Foot Journey
0%
TV Film2017The Immortal Life of Henrietta Lacks
0%
Production2005Their Eyes Were Watching God
0%
Production2022The Kings of Napa
0%
Documentary2023The Light We Carry: Michelle Obama and Oprah Winfrey
0%
Documentary Mini-Series2021The Me You Can't See
0%
Production2007The Oprah Winfrey Oscar Special
0%
TV Special2010, 2012The Oprah Winfrey Oscar Special
0%
Self-Help Book2019The Path Made Clear: Discovering Your Life's Direction and Purpose
0%
TV Film1992There Are No Children Here
0%
Film2017The Star
0%
Autobiography1996The Uncommon Wisdom of Oprah Winfrey: A Portrait in Her Own Words
0%
Production1998The Wedding
0%
Self-Help Book2017The Wisdom Journal: The Companion to The Wisdom of Sundays by Oprah Winfrey
0%
Self-Help Book2017The Wisdom of Sundays: Life-Changing Insights from Super Soul Conversations
0%
TV Mini-Series1989The Women of Brewster Place
0%
Film1987Throw Momma from the Train
0%
Production1999Tuesdays with Morrie
0%
Commercial2016-2017Weight Watchers
0%
Self-Help Book2021What Happened to You?: Conversations on Trauma, Resilience, and Healing
0%
Self-Help Book2014What I Know for Sure
0%
Production2019When They See Us
0%
TV Show2020Where Do We Go from Here
0%
Production2011Your OWN Show: Oprah's Search for the Next TV Star
0%

Score Distribution

Percentile by Number Answered

Percent of People with Each Score

Your Score History

You have not taken this quiz since the last reset